|
|
|
|
| LEADER |
01079nam a22002057a 4500 |
| 020 |
|
|
|a 978-81-226-1164-9
|
| 082 |
|
|
|a 894.M3
|b SAR1/A Q3
|
| 100 |
|
|
|a സാറാ ജോസഫ്;
|9 74757
|
| 100 |
|
|
|a Sarah Joseph
|9 6506
|
| 240 |
|
|
|a Alohari anandham
|
| 245 |
|
|
|a ആളോഹരി ആനന്ദം
|
| 260 |
|
|
|a Thrissur;
|b Current Books;
|
| 300 |
|
|
|a 307p.
|
| 650 |
|
|
|a മലയാളം; മലയാളം നോവല്
|9 74758
|
| 650 |
|
|
|a Malayalam; Malayalam Novel; Literature; Malayalam Fiction; Sara Joseph
|9 74759
|
| 942 |
|
|
|c BK
|
| 999 |
|
|
|c 32132
|d 32132
|
| 952 |
|
|
|0 0
|1 0
|4 0
|6 894_000000000000000_M3_SAR1_A_Q3
|7 0
|8 FIC
|9 35426
|a MAL
|b MAL
|d 2015-05-08
|e 55793
|g 350.00
|l 0
|o 894.M3 SAR1/A Q3
|p MAL055793
|r 2015-05-08
|t 1
|w 2015-05-08
|y BK
|
| 952 |
|
|
|0 0
|1 0
|4 0
|6 894_000000000000000_M3_SAR1_A_Q31
|7 0
|8 FIC
|9 35427
|a MAL
|b MAL
|d 2015-05-08
|e 55327A
|g 350.00
|l 0
|o 894.M3 SAR1/A Q3;1
|p MAL55327A
|r 2015-05-08
|t 2
|w 2015-05-08
|y BK
|
| 952 |
|
|
|0 0
|1 0
|4 0
|6 894_000000000000000_M3_SAR1_A_Q3
|7 0
|8 FIC
|9 35428
|a MAL
|b MAL
|d 2015-11-19
|e 55792
|g 350.00
|l 0
|o 894.M3 SAR1/A Q3
|p MAL055792
|r 2015-11-19
|t 3
|w 2015-11-19
|y BK
|